000 01224cam a2200325 a 4500
999 _c1049
_d1049
001 16220750
003 OSt
005 20200521153956.0
008 100506s2011 ilua j 001 0 eng
010 _a 2010016996
020 _a9781432946685 (pb)
040 _aDLC
_cDLC
_dDLC
050 0 0 _aBF774
_b.R57 2011
082 0 0 _a303.3 RIS
_222
100 1 _aRissman, Rebecca.
245 1 0 _aRole models /
_cRebecca Rissman.
260 _aChicago, Ill. :
_bHeinemann Library,
_cc2011.
300 _a24 p. :
_bcol. ill ;
_c17.5 x 20.5 cm.
490 0 _aFamilies
500 _aGrade Level: PreK-1
500 _aIncludes index.
505 0 _aWhat is a family? -- What are families like? -- What is a role model? -- Role models in the family -- Role models outside of the family -- Your role model.
520 _aExplains what a family is and gives examples of good role models
650 0 _aRole models
_vJuvenile literature.
650 0 _aFamilies
_vJuvenile literature.
650 0 _aInfluence (Psychology)
_vJuvenile literature.
906 _a7
_bcbc
_corignew
_d1
_eecip
_f20
_gy-gencatlg
942 _2ddc
_cNFIC